[Event "Lovfalds EMT 20th D"]
[Site "Ringsted"]
[Date "2006.09.16"]
[Round "2"]
[White "Autzen, Henrik"]
[Black "Sikstrom, Carl Martin"]
[Result "0-1"]
[WhiteElo "1468"]
[BlackElo "1457"]
[PlyCount "54"]
[EventDate "2006.09.15"]
[EventType "tourn"]
[EventRounds "5"]
[EventCountry "DEN"]
[SourceTitle "EXT 2023"]
[Source "ChessBase"]
[SourceDate "2022.10.05"]
[SourceVersion "1"]
[SourceVersionDate "2022.10.05"]
[SourceQuality "1"]

1. e4 Nf6 2. Nc3 d5 3. exd5 Nxd5 4. Bc4 Nb6 5. Bb3 Bf5 6. Qf3 Qc8 7. Nge2 Nc6 8. d3 e5 9. Be3 Be6 10. 0-0 Be7 11. Bxb6 Bxb3 12. axb3 axb6 13. Nd5 0-0 14. Rxa8 Qxa8 15. Nxc7 Qa2 16. Nd5 Bc5 17. Qg3 Qxb2 18. Nf6+ Kh8 19. Nd7 Rd8 20. Nxc5 bxc5 21. Rc1 Nd4 22. Qh4 Nxe2+ 23. Kf1 Qxc1+ 24. Kxe2 Qxc2+ 25. Ke1 Qb1+ 26. Kd2 Rxd3+ 27. Ke2 Qd1# 0-1

[Event "Taastrup Quick Weekend 3rd C"]
[Site "Taastrup"]
[Date "2006.04.02"]
[Round "3"]
[White "Ryberg, Denis"]
[Black "Autzen, Henrik"]
[Result "0-1"]
[WhiteElo "1195"]
[BlackElo "1418"]
[PlyCount "118"]
[EventDate "2006.04.02"]
[EventType "tourn"]
[EventRounds "5"]
[EventCountry "DEN"]
[SourceTitle "EXT 2023"]
[Source "ChessBase"]
[SourceDate "2022.10.05"]
[SourceVersion "1"]
[SourceVersionDate "2022.10.05"]
[SourceQuality "1"]

1. e4 e5 2. Nf3 Nc6 3. Bb5 d6 4. d4 a6 5. Bxc6+ bxc6 6. Nc3 exd4 7. Qxd4 c5 8. Qd3 Bb7 9. Ng5 h6 10. Qh3 Nf6 11. Nf3 Nxe4 12. Nxe4 Bxe4 13. 0-0 Bxc2 14. Re1+ Be7 15. Qg3 Bg6 16. h4 h5 17. Bf4 0-0 18. Rad1 Rb8 19. Rd2 Bf6 20. Ree2 Re8 21. Be3 c4 22. Bd4 Rxe2 23. Rxe2 Bxd4 24. Nxd4 Qf6 25. Rd2 Bd3 26. Nf3 Rxb2 27. Rxb2 Qxb2 28. Qh3 Qb1+ 29. Kh2 Bf5 30. Qg3 Qxa2 31. Nd4 Qa5 32. Qg5 Qe5+ 33. f4 Qxd4 34. Qxf5 Qf6 35. Qc8+ Kh7 36. g3 Qb2+ 37. Kh3 Qf6 38. Qxc7 c3 39. Qa5 Qe6+ 40. f5 Qe5 41. Qxa6 Qxf5+ 42. Kg2 Qd5+ 43. Kf2 Qd2+ 44. Qe2 Qxe2+ 45. Kxe2 d5 46. Ke3 d4+ 47. Kd3 Kg6 48. Kc2 Kf5 49. Kd3 Kg4 50. Kxd4 c2 51. Ke4 c1Q 52. Kd4 Kf3 53. Kd3 Qe3+ 54. Kc2 Ke4 55. g4 Kd4 56. gxh5 Kc4 57. h6 Qe2+ 58. Kb1 Kc3 59. Ka1 Qb2# 0-1